[Event "Asian Continental-ch Open 2019"]
[Site "XingTai"]
[Date "2019.06.12"]
[Round "6.3"]
[White "Le, Quang Liem"]
[Black "Lalith Babu M R"]
[Result "1-0"]
[WhiteElo "2694"]
[BlackElo "2571"]
[Annotator "TA"]
[PlyCount "87"]
[EventDate "2019.06.06"]
[EventType "swiss"]
[EventCountry "CHN"]
[SourceTitle "playchess.com"]
[Source "ChessBase"]
[SourceQuality "1"]

{[%evp 21,87,35,35,24,24,19,18,20,31,23,20,22,23,12,20,14,52,43,28,0,64,70,75,65,112,113,106,109,103,103,106,115,109,97,150,144,163,82,85,91,88,95,142,147,185,172,191,130,146,132,219,218,254,241,230,0,189,186,342,332,924,923,1240,1235,1032,1110,934,863]} 1. e4 e5 2. Nf3 Nc6 3. Bb5 a6 4. Ba4 Nf6 5. O-O Nxe4 6. d4 b5 7. Bb3 d5 8. dxe5 Be6 9. Nbd2 Be7 10. c3 Nc5 11. Bc2 d4 12. Nb3 {[%cal Rb3d4] C83: Open Ruy Lopez: 9 c3 Be7} d3 13. Bb1 {Black must now prevent Nxc5.} Nxb3 $1 14. axb3 {The position is equal.} Bf5 15. Re1 O-O 16. Be3 Qd5 17. Bd4 Rfd8 (17... d2 18. Re2 Bxb1 19. Rxb1 Nxd4 20. Nxd4 {1-0 (64) Caruana,F (2827)-Mamedyarov,S (2820) Batumi 2018}) 18. h4 {[#]} Bg4 $146 {[%cal Rc6d4]} ({Predecessor:} 18... h6 19. Bxd3 Bxd3 20. Qxd3 Qxb3 {½-½ (51) Saric,I (2692)-Stevic,H (2589) Zagreb 2018}) 19. Qxd3 g6 20. b4 {Strongly threatening Ba2.} (20. Re4 $5 {[%cal Re4g4]} h5 21. Bc2 $14) 20... Bf5 (20... Bxf3 $11 21. Ba2 Nxb4 $1 {[%mdl 512]} 22. cxb4 Qxd4 23. Qxf3 Rf8) 21. Qe2 $14 Bxb1 22. Raxb1 Bxb4 23. Rbd1 $1 Be7 {[#]} 24. Bb6 $1 {[%mdl 512]} Qe6 {aiming for ...Rxd1.} (24... cxb6 25. Rxd5) 25. Bxc7 Rd7 26. Rxd7 Qxd7 27. Bb6 Qb7 (27... b4 $142) 28. Qe3 $16 Nd8 29. Bc5 ({White should play} 29. Bxd8 $1 $18 Rxd8 30. h5 $1 {[%mdl 512]}) 29... Bxc5 30. Qxc5 Ne6 31. Qe3 Rd8 32. h5 a5 {[#]} 33. Ng5 $1 Qd5 34. h6 (34. Nxe6 $18 Qxe6 35. h6) 34... a4 35. Nxe6 Qxe6 {[%mdl 4096] Endgame KQR-KQR} (35... fxe6 $16 36. Qb6 Kf7) 36. g3 $18 Qh3 {[#]} 37. Qb6 $1 {[%cal Rb6d8]} Rf8 38. Qe3 Rd8 $1 {[#]} 39. Qg5 $1 $40 {[%cal Rg5d8][%mdl 128] White attacks with force.} Re8 $2 (39... Rd5 40. Qe3 Qe6) 40. Rd1 {Hoping for Rd8.} Kf8 $2 {[#]} (40... Qf5 41. Qe7 Qe6 42. Qxe6 fxe6) 41. Qf6 $1 {White wants to mate with Rd8.White is clearly winning.} Qxh6 {[#]} 42. e6 $1 {[%csl Ge6][%cal Rf6f7][%mdl 512]} Qg7 {[#]} (42... Rxe6 43. Qh8+) 43. e7+ $1 {[%mdl 512]} Kg8 {[#]} (43... Rxe7 44. Rd8+) 44. Qc6 $1 {[%csl LRb5,LRe8][%mdl 576] Double Attack. Accuracy: White = 75%, Black = 35%.} 1-0

[Event "Asian Continental-ch Open 2019"]
[Site "XingTai"]
[Date "2019.06.12"]
[Round "6.4"]
[White "Aravindh, Chithambaram VR."]
[Black "Firouzja, Alireza"]
[Result "0-1"]
[WhiteElo "2598"]
[BlackElo "2682"]
[Annotator "TA"]
[PlyCount "124"]
[EventDate "2019.06.06"]
[EventType "swiss"]
[EventCountry "CHN"]
[SourceTitle "playchess.com"]
[Source "ChessBase"]
[SourceQuality "1"]

{[%evp 9,130,22,27,23,32,0,13,13,12,1,30,24,31,21,49,25,33,17,40,-16,-20,-30,-3,-7,0,-60,-36,-37,-40,-57,-57,-62,-62,-56,0,0,0,0,0,-8,0,0,41,0,0,8,17,13,25,17,22,24,28,29,35,32,36,37,43,38,42,4,14,13,74,20,18,18,17,16,28,31,28,19,37,33,90,84,59,0,0,0,0,0,0,0,0,0,0,0,0,0,0,0,-5,-957,-915,-1946,-1736,-600,-1562,-1672,-1589,-1278,-1020,-4714,-4714,-29970,-29971,-29971,-29972,-29981,-29971,-29964,0,-29981,-29982,-29982,-29982,-29987,-29982,-29993,-29994]} 1. c4 e5 2. g3 Bc5 3. Bg2 Nc6 4. Nc3 a6 5. e3 d6 6. Nge2 {A25: English Opening vs King's Indian with ...Nc6 but without early d3} Ba7 7. Rb1 h5 8. h4 {The position is equal.} Nf6 9. b4 Ng4 $146 ({Predecessor:} 9... Be6 10. Nd5 Rb8 11. a4 a5 12. b5 Nb4 13. Nxb4 axb4 {1-0 (47) Petursson,M (2520)-Fedorchuk,S (2635) Berlin 2015}) 10. d4 Bf5 11. Rb2 Nf6 12. O-O O-O 13. Nd5 Bg4 14. Kh1 (14. Nxf6+ $14 Qxf6 15. d5) 14... exd4 $11 15. f3 Be6 16. e4 Nh7 17. Rd2 (17. a3 $11) 17... Ne5 {aiming for ...c6.} (17... b5 {feels hotter.} 18. Qc2 d3 19. Qxd3 Ne5 20. Qc3 Nxc4 21. Rdd1 c6) 18. Nxd4 Nxc4 19. Rc2 Bxd5 20. exd5 Bxd4 $1 21. Rxc4 Bf6 (21... Bb6 $15) 22. f4 Qd7 23. Qxh5 Rfe8 24. Qd1 Re7 25. Re1 Rae8 26. Bd2 Rxe1+ 27. Bxe1 Bd8 28. Bf2 f5 29. Bf3 Nf6 30. Kg2 Qf7 31. Qd3 Ng4 32. Bg1 Qg6 33. Qd1 Re7 34. Rc2 Nf6 35. Re2 Ne4 36. Qe1 c6 (36... Qf7 $11 {keeps the balance.}) 37. g4 (37. dxc6 $16 bxc6 38. h5) 37... cxd5 38. g5 Rc7 39. Bb6 Rc8 40. Bxd8 Rxd8 41. Rc2 {Strongly threatening Rc7.} Qe6 $1 42. Qd1 Kh8 (42... Rc8 $1 $14) 43. Rc7 $16 {Black must now prevent Bh5.} Rc8 44. Rxb7 ({White should play} 44. Qc2 $14 Re8 45. Rxb7) 44... d4 $1 $11 45. Kh2 Kg8 46. Bg2 Qc4 47. h5 Nf2 48. Qf3 Ng4+ 49. Kg3 {Threatens to win with Qd5+.} Qc1 50. Kh4 $1 {And now h6! would win.} Ne3 51. h6 g6 $36 {[%mdl 2048] Black has the initiative.} 52. Rg7+ $2 {[%mdl 8192]} (52. Kh3 $11 Kh8 53. Qf2) 52... Kh8 $19 53. Rxg6 {[#]} Qe1+ $1 54. Kh5 Nxg2 55. Qxg2 {[%mdl 4096] Endgame [#] KQR-KQR} Qe8 $1 56. Kh4 Qxg6 57. Qd5 Rc7 58. a4 Re7 59. Qxd4+ Kh7 60. Qd3 Qe6 61. Kh5 Qg6+ 62. Kh4 {[#]} a5 {Played: Re7-e4} 0-1

[Event "Asian Continental-ch Open 2019"]
[Site "XingTai"]
[Date "2019.06.12"]
[Round "6.5"]
[White "Lu, Shanglei"]
[Black "Xu, Xiangyu"]
[Result "1/2-1/2"]
[WhiteElo "2624"]
[BlackElo "2583"]
[Annotator "TA"]
[PlyCount "36"]
[EventDate "2019.06.06"]
[EventType "swiss"]
[EventCountry "CHN"]
[SourceTitle "playchess.com"]
[Source "ChessBase"]
[SourceQuality "1"]

{[%evp 9,36,5,29,19,19,29,27,24,25,22,19,21,23,25,24,23,18,20,25,20,15,8,8,7,36,39,28,17,0]} 1. e4 e5 2. Bc4 Nf6 3. d3 c6 4. Nf3 d5 5. Bb3 Qc7 (5... Bb4+ 6. Bd2 Bxd2+ 7. Nbxd2 a5 8. a4 Bg4 9. h3 Bxf3 10. Qxf3 O-O 11. O-O dxe4 12. Nxe4 Nxe4 13. Qxe4 Nd7 14. Qe3 Re8 15. Rae1 Nf6 16. Re2 e4 {½-½ (16) Rapport,R (2731)-Ding,L (2813) Wijk aan Zee 2019}) 6. O-O {C24: Bishop's Opening: 2...Nf6} (6. Nc3 dxe4 7. Nxe4 Nxe4 8. dxe4 Bg4 9. Qd2 f6 10. Nh4 Na6 11. f3 Rd8 12. Qf2 Bc8 13. Be3 {½-½ (30) Lu,S (2620)-Xu,X (2545) China 2017}) 6... a5 7. a4 dxe4 8. Ng5 {[%mdl 64] [#] Double Attack. White has an edge.} Bg4 9. Qe1 Bh5 $1 {With the idea ...exd3.} 10. Nxe4 Nxe4 11. Qxe4 Bg6 12. Qe2 Bc5 13. h4 $146 ({Predecessor:} 13. Nd2) 13... h5 14. Nc3 Nd7 15. Ne4 Be7 16. Bg5 f6 17. Be3 O-O-O 18. Be6 Kb8 1/2-1/2

[Event "Asian Continental-ch Open 2019"]
[Site "XingTai"]
[Date "2019.06.12"]
[Round "6.6"]
[White "Gupta, Abhijeet"]
[Black "Praggnanandhaa R"]
[Result "1-0"]
[WhiteElo "2606"]
[BlackElo "2537"]
[Annotator "TA"]
[PlyCount "83"]
[EventDate "2019.06.06"]
[EventType "swiss"]
[EventCountry "CHN"]
[SourceTitle "playchess.com"]
[Source "ChessBase"]
[SourceQuality "1"]

{[%evp 21,83,18,15,20,13,20,7,-10,18,14,77,75,145,89,93,90,86,98,90,85,141,140,152,163,147,158,166,159,147,146,230,208,211,218,218,211,206,208,247,234,257,233,253,252,244,218,243,260,264,254,277,275,301,241,235,218,358,335,625,593,685,685,667,639]} 1. d4 Nf6 2. c4 e6 3. Nf3 d5 4. g3 Be7 5. Bg2 O-O 6. Nc3 dxc4 7. Ne5 Nc6 8. Bxc6 bxc6 9. Nxc6 Qe8 10. Nxe7+ Qxe7 11. Qa4 c5 12. dxc5 {E06: Closed Catalan: Early deviations} Qxc5 13. Be3 Qc7 14. O-O-O {The position is equal.} a5 {[#]} (14... Ng4 15. Rd2 Nxe3 16. fxe3 Rb8 17. Rhd1 a5 18. Kb1 h6 19. Ka1 Rb4 {1-0 (49) Caruana,F (2822)-Nakamura,H (2777) Saint Louis 2018}) 15. Rd4 $146 ({Predecessor:} 15. Qb5 Bb7 16. f3 Nd5 17. Qc5 Qxc5 18. Bxc5 Rfc8 19. Bd4 Bc6 {1-0 (65) Bosiocic,M (2599)-De Filomeno,S (2436) Skopje 2018}) 15... Rb8 {[#]} (15... Bd7 $11 {keeps the balance.} 16. Qa3 (16. Qxc4 Qb7 $11) 16... Rab8) 16. Rhd1 $1 $16 e5 (16... Qb7 $142 17. Qa3 Qb4) 17. Rd6 ({Inferior is} 17. Qxc4 Qb7 $17) ({White should try} 17. Rxc4 Qb7 18. b3) 17... Be6 18. Rc6 $36 {[%mdl 2048] White has strong initiative.} Qb7 {[%csl Gb8][%cal Rb7b2]} 19. Rb6 Qa8 20. f3 Rxb6 ({Better is} 20... e4) 21. Bxb6 Qb7 22. Qxa5 Nd7 23. Qa7 Qc6 24. Ba5 Ra8 25. Qc7 Qa6 (25... Qxc7 $16 {was called for.} 26. Bxc7 f6) 26. Bb4 $18 Qa7 27. Qxa7 Rxa7 28. Rd6 Rb7 29. a3 {[%cal Ba2a3,Ba3a4,Ba4a5][%mdl 32]} Rb6 30. Kc2 f6 31. Rxb6 Nxb6 {[%mdl 4096] Endgame KBN-KBN} 32. a4 Nd5 33. Bc5 Nc7 34. Bd6 Na6 35. Nb5 Kf7 36. Kc3 h5 37. a5 g5 38. Ba3 Bd5 (38... g4 $142 39. Nd6+ Ke7 40. Nxc4+ Kd7 41. fxg4 Bxg4) 39. e4 Bc6 $2 {[#]} (39... Be6 40. Nd6+ Ke7 41. Nxc4+ Kd7 42. Nb6+ Kc6) 40. Kxc4 {White is clearly winning.} Ke6 41. Nc3 f5 42. b4 {Accuracy: White = 90%, Black = 39%.} 1-0

[Event "Asian Continental-ch Open 2019"]
[Site "XingTai"]
[Date "2019.06.12"]
[Round "6.7"]
[White "Liu, Yan"]
[Black "Nihal Sarin"]
[Result "1/2-1/2"]
[WhiteElo "2504"]
[BlackElo "2606"]
[Annotator "TA"]
[PlyCount "111"]
[EventDate "2019.06.06"]
[EventType "swiss"]
[EventCountry "CHN"]
[SourceTitle "playchess.com"]
[Source "ChessBase"]
[SourceQuality "1"]

{[%evp 21,111,17,6,0,0,-12,2,12,16,0,0,-21,30,19,33,29,32,32,30,35,31,0,9,0,0,0,0,0,0,-29,22,16,14,18,27,27,25,27,54,-97,-94,-95,-89,-82,-91,-100,-78,-79,0,0,0,0,0,0,0,0,0,0,0,0,0,0,0,0,0,0,0,0,0,0,0,0,0,0,0,0,0,0,0,0,0,0,0,0,0,0,0,0,0,0,0,0]} 1. d4 f5 2. Nf3 Nf6 3. g3 g6 4. Bg2 Bg7 5. O-O O-O 6. c4 d6 7. Nc3 c6 8. d5 e5 9. dxe6 Bxe6 10. b3 Qe7 11. Bb2 Na6 12. Nd4 {A88: Dutch Defence: Leningrad System: 5 Nf3 0-0 6 0-0 d6 7 Nc3 c6} (12. Ng5 Bd7 13. Qd2 h6 14. Nh3 Be6 15. Rad1 Rad8 16. Ba3 Nc5 17. f4 Qc7 18. Nf2 Rfe8 19. Kh1 Qb6 20. Qc2 d5 21. cxd5 cxd5 22. Nxd5 Nxd5 23. Bxc5 {0-1 (33) Gelfand,B (2751)-Kamsky,G (2762) Tashkent 2012}) 12... Bf7 13. e3 Rad8 14. Qe2 {[#]} Ne4 $146 ({Predecessor:} 14... Nc5 15. Rfd1 Nce4 16. Rac1 Rfe8 17. Nxe4 Nxe4 18. Nf3 c5 19. Bxg7 Kxg7 20. Nd2 b6 21. Nb1 d5 22. cxd5 Bxd5 23. Nd2 {½-½ (23) Gormally,D (2489)-Reinderman,D (2586) Amsterdam 2015}) 15. Nxe4 fxe4 16. Qg4 Rfe8 ({Better is} 16... h5 17. Qe2 (17. Qxe4 Qxe4 18. Bxe4 Rde8 $15) 17... d5) 17. Nf5 $1 $11 {[%cal Rf5e7]} Qe6 {[%mdl 64] [#] Pin} 18. Bxg7 {White wants to play Bxe4.} gxf5 19. Qg5 {aiming for Bf6+.} Qg6 20. Bf6 Rd7 21. f4 Nb4 $132 {[%mdl 2048] Black is not keeping still} 22. Rf2 Nd3 23. Rd2 d5 24. cxd5 Rxd5 25. Rad1 Nb4 (25... Qxg5 $142 26. fxg5 Bh5) 26. Bf1 Qxg5 27. fxg5 Bh5 28. Rxd5 Nxd5 29. Rd2 Bf7 ({Reject} 29... Nxe3 $6 30. Rd7 $16) 30. Kf2 $2 (30. Bd4 $14 {stays ahead.}) 30... Nxf6 $17 31. gxf6 {[%mdl 4096] Endgame KRB-KRB} Bd5 32. g4 fxg4 33. Kg3 Kf7 34. Rf2 Re6 (34... h5 $17 35. Rf5 Kg6) 35. Kxg4 $11 {The position is equal.} Rxf6 36. Rxf6+ Kxf6 {KB-KB} 37. Kf4 $1 c5 38. Bg2 b5 39. Bxe4 Bxe4 40. Kxe4 {[#] And now Kd5 would win. KP-KP} Ke6 41. a4 a6 42. axb5 axb5 {K3P-K3P} 43. h4 h6 (43... h5 $5) 44. h5 Kd6 45. Kf4 Ke6 46. Ke4 $1 Kd6 47. Kf4 Kd5 (47... Ke6 $5) 48. e4+ Ke6 {Strongly threatening ...Kf6.} 49. e5 c4 50. bxc4 bxc4 {KPP-KPP} 51. Ke4 c3 {( -> ...c2)} 52. Kd3 Kxe5 53. Kxc3 Kf5 54. Kd3 Kg5 55. Ke2 Kxh5 56. Kf2 {Accuracy: White = 67%, Black = 68%.} 1/2-1/2

[Event "Asian Continental-ch Open 2019"]
[Site "XingTai"]
[Date "2019.06.12"]
[Round "6.8"]
[White "Zeng, Chongsheng"]
[Black "Vidit, Santosh Gujrathi"]
[Result "0-1"]
[WhiteElo "2561"]
[BlackElo "2707"]
[Annotator "RC"]
[PlyCount "124"]
[EventDate "2019.06.06"]
[EventType "swiss"]
[EventCountry "CHN"]
[SourceTitle "playchess.com"]
[Source "ChessBase"]
[SourceQuality "1"]
[TimeControl "40/5400+30:1800+30"]

1. e4 {[%emt 0:00:00]} e5 {[%emt 0:00:47]} 2. Nf3 {[%emt 0:00:00]} Nc6 {[%emt 0:00:11]} 3. Bc4 {[%emt 0:00:02]} Nf6 {[%emt 0:00:18]} 4. Ng5 {[%emt 0:03:11]} d5 {[%emt 0:00:15]} 5. exd5 {[%emt 0:00:03]} Na5 {[%emt 0:00:11]} 6. d3 {[%emt 0:00:04]} h6 {[%emt 0:00:33]} 7. Nf3 {[%emt 0:00:02]} e4 {[%emt 0:00:19]} 8. Qe2 {[%emt 0:00:05]} Nxc4 {[%emt 0:00:41]} 9. dxc4 {[%emt 0:00:02]} Bc5 {[%emt 0:00:18]} 10. Nfd2 {[%emt 0:00:02]} O-O {[%emt 0:00:50]} 11. Nb3 {[%emt 0:00:11]} Bg4 {[%emt 0:00:47]} 12. Qf1 {[%emt 0:01:09]} Bb4+ {[%emt 0:06:36]} 13. c3 {[%emt 0:00:12]} Be7 {[%emt 0:01:05]} 14. h3 {[%emt 0:00:35]} Bh5 {[%emt 0:00:18]} 15. Be3 {[%emt 0:07:15]} Nd7 {[%emt 0:02:19]} 16. g4 {[%emt 0:03:28]} Bg6 {[%emt 0:00:08]} 17. N1d2 {[%emt 0:00:57]} Ne5 {[%emt 0:00:37]} 18. O-O-O {[%emt 0:00:13]} Nd3+ {[%emt 0:06:12]} 19. Kb1 {[%emt 0:00:04]} b5 {[%emt 0:00:13]} 20. Nd4 {[%emt 0:16:31]} bxc4 {[%emt 0:00:40]} 21. Nc6 {[%emt 0:00:02]} Qd7 {[%emt 0:00:48]} 22. Nxc4 {[%emt 0:00:22]} Bf6 {[%emt 0:02:40]} 23. f4 {[%emt 0:01:57]} exf3 {[%emt 0:20:51]} 24. Rxd3 {[%emt 0:05:14]} Qxd5 {[%emt 0:15:10]} 25. N4e5 {[%emt 0:00:13]} Be4 {[%emt 0:03:58]} 26. Ka1 {[%emt 0:02:42]} Qe6 {[%emt 0:01:03]} 27. Bf4 {[%emt 0:03:19]} Bxd3 {[%emt 0:03:38]} 28. Qxd3 {[%emt 0:02:50]} Bxe5 {[%emt 0:00:10]} 29. Nxe5 {[%emt 0:00:47]} f5 {[%emt 0:00:06]} 30. Qxf3 {[%emt 0:08:51]} fxg4 {[%emt 0:05:19]} 31. Qg3 {[%emt 0:02:14]} Rae8 {[%emt 0:03:37]} 32. Nxg4 {[%emt 0:07:18]} h5 {[%emt 0:06:22]} 33. Ne5 {[%emt 0:21:44]} Rxf4 {[%emt 0:00:27]} 34. Qxf4 {[%emt 0:00:06]} Qxe5 {[%emt 0:00:05]} 35. Qf1 {[%emt 0:01:11]} Qe2 {[%emt 0:01:17]} 36. Qc1 {[%emt 0:01:38]} a5 {[%emt 0:06:51]} 37. a3 {[%emt 0:00:40]} a4 {[%emt 0:01:49]} 38. Qf4 {[%emt 0:01:07]} Qe4 {[%emt 0:01:26]} 39. Rf1 {[%emt 0:01:34]} Re7 {[%emt 0:02:28]} 40. Qg5 {[%emt 0:00:00]} h4 {[%emt 0:00:00]} 41. Rd1 {[%emt 0:09:31]} Rf7 {[%emt 0:16:18]} 42. Qc5 {[%emt 0:02:14]} Kh7 {[%emt 0:05:25]} 43. Ka2 {[%emt 0:08:03]} Qe6+ {[%emt 0:01:26]} 44. c4 {[%emt 0:00:18]} Qf5 {[%emt 0:02:48]} 45. Qb5 {[%emt 0:15:40]} Qxb5 {[%emt 0:02:18]} 46. cxb5 {[%emt 0:00:01]} g5 {[%emt 0:04:54]} 47. Rd4 {[%emt 0:02:39]} Rf3 {[%emt 0:03:29]} 48. Rxa4 {[%emt 0:01:53]} Rxh3 {[%emt 0:00:02]} 49. Rc4 {[%emt 0:00:21]} Rd3 {[%emt 0:00:29]} 50. Rxc7+ {[%emt 0:00:05]} Kg6 {[%emt 0:00:04]} 51. b6 {[%emt 0:05:24]} Rd8 {[%emt 0:00:14]} 52. a4 {[%emt 0:01:24]} h3 {[%emt 0:00:13]} 53. a5 {[%emt 0:00:03]} h2 {[%emt 0:01:57]} 54. Rc1 {[%emt 0:00:03]} g4 {[%emt 0:00:49]} 55. b7 {[%emt 0:00:31]} g3 {[%emt 0:00:07]} 56. a6 {[%emt 0:00:26]} g2 {[%emt 0:00:11]} 57. a7 {[%emt 0:00:21]} h1=Q {[%emt 0:01:14]} 58. Rc6+ {[%emt 0:00:37]} Kf5 {[%emt 0:02:25]} 59. b8=Q {[%emt 0:01:01]} g1=Q {[%emt 0:00:38]} 60. Rf6+ {[%emt 0:00:18]} Kxf6 {[%emt 0:01:07]} 61. Qxd8+ {[%emt 0:00:06]} Kg7 {[%emt 0:00:30]} 62. Qe7+ {[%emt 0:01:22]} Kh8 {[%emt 0:00:34]} 0-1

[Event "Asian Continental-ch Open 2019"]
[Site "XingTai"]
[Date "2019.06.12"]
[Round "6.9"]
[White "Xu, Yinglun"]
[Black "Maghsoodloo, Parham"]
[Result "0-1"]
[WhiteElo "2548"]
[BlackElo "2665"]
[Annotator "TA"]
[PlyCount "72"]
[EventDate "2019.06.06"]
[EventType "swiss"]
[EventCountry "CHN"]
[SourceTitle "playchess.com"]
[Source "ChessBase"]
[SourceQuality "1"]

{[%evp 9,72,19,44,52,41,41,41,41,45,40,37,47,44,40,48,44,50,17,28,20,48,46,52,35,54,55,50,55,58,28,39,41,47,18,25,24,68,30,45,7,6,2,14,-24,7,-15,-16,-12,-18,-12,-18,-115,-115,-115,-113,-111,-103,-148,-131,-126,-108,-562,-562,-636,-635]} 1. d4 Nf6 2. c4 e6 3. Nf3 d5 4. Nc3 dxc4 5. e4 b5 (5... Bb4 6. Bg5 c5 7. Bxc4 cxd4 8. Nxd4 Bxc3+ 9. bxc3 Qa5 10. Bd2 O-O 11. Qe2 e5 12. Nb3 Qc7 13. O-O Bg4 14. f3 Rc8 15. Bd5 Nxd5 16. exd5 Bh5 17. c4 {1-0 (38) Carlsen,M (2845)-Aronian,L (2763) Karlsruhe/Baden Baden 2019}) 6. e5 {D24: Queen's Gambit Accepted: 3 Nf3 Nf6 4 Nc3} Nd5 7. Nxb5 Nb6 8. Be2 {White is slightly better.} Be7 9. Be3 Nc6 10. O-O O-O 11. Nc3 Bb7 12. Na4 Na5 13. Qd2 $146 ({Predecessor:} 13. Bd2) 13... Nxa4 14. Qxa5 Nxb2 15. Rab1 c3 $1 16. Qxc3 Na4 17. Qc2 Nb6 18. Rfc1 Ba3 19. Ng5 {[%csl Gg5][%cal Rc2h7]} ({Weaker is} 19. Qxc7 Bxc1 20. Qxc1 Rc8 $17) 19... g6 20. Rd1 Rb8 21. Ne4 (21. Bd3 {keeps more tension.} Nd5 22. Bd2 Nb6 23. Qc3 Be7 24. Ne4) 21... Bxe4 $1 22. Qxe4 {Strongly threatening Rb3.} Qe7 23. Qd3 {h4 is the strong threat.} (23. Bh6 {with more complications.} Rfd8 24. Qd3 Nd5 25. Qg3 Bb2 26. Bg5) 23... Nd5 24. Bf3 {next Bxd5 is good for White.} (24. Bh6 {is more complex.} Rfe8 25. Bf3 c6 26. g3 Bb2 27. Rd2) 24... Nxe3 25. Qxe3 Bb2 26. g3 Rb6 27. Re1 Rd8 28. Rbd1 c6 29. Rd2 Qd7 {[%cal Rb2d4]} 30. Rb1 {[#]} (30. Red1 $11 {remains equal.}) 30... Bc3 $1 $17 {[%mdl 512]} 31. Rdd1 (31. Qxc3 Rxb1+) 31... Rxb1 ({Much worse is} 31... Bxd4 $6 32. Rxb6 axb6 33. Bxc6 $11) 32. Rxb1 Bxd4 33. Qc1 Bb6 34. Rb2 Qd4 35. Bxc6 $2 {[%mdl 8192] [#]} (35. Rc2 $17 {is tougher.}) 35... Rc8 $1 $19 36. Re2 {[#]} Rxc6 $1 {[%mdl 512] Accuracy: White = 43%, Black = 69%.} 0-1

[Event "Asian Continental-ch Open 2019"]
[Site "XingTai"]
[Date "2019.06.12"]
[Round "6.10"]
[White "Nguyen, Ngoc Truong Son"]
[Black "Xu, Zhihang"]
[Result "1-0"]
[WhiteElo "2639"]
[BlackElo "2504"]
[Annotator "TA"]
[PlyCount "105"]
[EventDate "2019.06.06"]
[EventType "swiss"]
[EventCountry "CHN"]
[SourceTitle "playchess.com"]
[Source "ChessBase"]
[SourceQuality "1"]

{[%evp 12,105,13,10,33,0,0,0,0,0,-14,0,0,0,0,0,0,0,10,2,27,27,13,10,13,0,0,0,0,0,8,0,4,4,29,29,41,27,41,32,18,14,8,8,19,0,87,87,87,87,99,99,125,99,99,99,99,99,103,90,100,90,90,87,101,96,96,93,106,106,96,106,107,79,79,62,161,161,314,314,457,452,457,457,457,457,457,457,450,443,443,433,5568,4627,29975,11483]} 1. d4 Nf6 2. c4 e6 3. Nc3 Bb4 4. g3 O-O 5. Bg2 d5 6. Nf3 c5 7. cxd5 Nxd5 {Hoping for ...cxd4. E20: Nimzo-Indian: 4 g3 and 4 f3} 8. Qb3 Nc6 9. dxc5 Nxc3 {The position is equal.} 10. bxc3 Bxc5 11. O-O e5 12. Ng5 h6 13. Ne4 Be7 14. Ba3 Qc7 15. Bxe7 {[#]} Qxe7 $146 (15... Nxe7 {with more complications.} 16. Rad1 Be6 17. Qa3 b6 18. Nd6 Rad8) ({Predecessor:} 15... Nxe7) 16. Rfd1 Bg4 17. Qb5 Rad8 18. h3 Bc8 19. Nc5 Qc7 20. Nd3 Rde8 21. Nb4 Nxb4 22. cxb4 a6 23. Qd5 $36 {[%mdl 2048] White has the initiative.} Qc2 24. Qd2 Qa4 25. Rac1 Be6 26. Bxb7 {aiming for Bc6.} Rb8 27. Rc7 Qb5 28. Qd6 Bxa2 (28... Qxe2 $11 {keeps the balance.} 29. Bxa6 Qxa2) 29. Bxa6 $16 Qxb4 30. Qxe5 Qa4 31. Rd6 {Intending Rg6! and mate.} Qb4 32. Kg2 {And now Bd3 would win.} Rbe8 33. Qd4 Qxd4 34. Rxd4 Be6 35. Bd3 Rd8 36. Rxd8 (36. Rh4 {seems wilder.} Rc8 37. Rxc8 Rxc8 38. Rh5 Ra8 39. g4) 36... Rxd8 {[%mdl 4096] Endgame KRB-KRB} 37. f4 g6 38. g4 Rd4 39. Kf3 g5 40. f5 $1 {[%cal Rf5e6]} Bd5+ 41. Kg3 {Rd7 is the strong threat.} Be4 42. Bc4 Bd5 43. Bb5 {Black must now prevent Rd7.} Ba2 {[#]} (43... Rb4 $14 44. Rc5 Be4) 44. Rc6 $1 $18 Kh7 $2 {[#]} (44... Bb1 45. Rxh6 Rb4) 45. Bd3 $1 Rd8 (45... Kg8 $142 46. Rxh6 Bc4 47. Bxc4 Rxc4) 46. f6+ Kh8 47. Bf5 Kg8 48. e4 Re8 49. h4 Bb1 50. Rc4 Ba2 51. Rc5 Be6 (51... Rd8 $142 52. hxg5 hxg5) 52. hxg5 Bxf5 53. gxf5 {Accuracy: White = 70%, Black = 44%.} ({Not} 53. exf5 hxg5 54. Ra5 Rb8 $11) 1-0

[Event "Asian Continental-ch Open 2019"]
[Site "XingTai"]
[Date "2019.06.12"]
[Round "6.11"]
[White "Narayanan.S.L"]
[Black "Erigaisi Arjun"]
[Result "1-0"]
[WhiteElo "2603"]
[BlackElo "2526"]
[Annotator "TA"]
[PlyCount "57"]
[EventDate "2019.06.06"]
[EventType "swiss"]
[EventCountry "CHN"]
[SourceTitle "playchess.com"]
[Source "ChessBase"]
[SourceQuality "1"]

{[%evp 9,57,16,14,0,0,16,0,0,89,74,82,96,73,79,109,111,112,102,115,77,115,112,115,107,120,125,158,168,186,166,189,163,179,152,221,146,147,154,218,197,241,250,372,356,373,351,861,515,5256,5039]} 1. d4 Nf6 2. c4 e6 3. Nf3 d5 4. Nc3 Bb4 5. cxd5 exd5 6. Bf4 {D38: Queen's Gambit Declined: Ragozin Defence (4 Nf3 Bb4)} Ne4 7. Rc1 Nc6 8. Nd2 {The position is equal.} Bf5 $146 (8... g5 $11 {remains equal.} 9. Bg3 Nxg3 10. hxg3 Nxd4) ({Predecessor:} 8... g5 9. Be3 f5 10. g3 Nxc3 11. bxc3 Bd6 12. Nf3 f4 13. gxf4 gxf4 {1-0 (25) Wojtaszek,R (2737)-Zelbel,P (2458) Germany 2018}) 9. Ndxe4 $16 Bxe4 10. e3 O-O 11. a3 Bxc3+ 12. Rxc3 Rc8 13. f3 Bf5 14. Be2 Ne7 15. Qb3 Ng6 16. Bg3 h5 17. Qxb7 {[%cal Rg3c7]} c5 18. Rxc5 ({Don't play} 18. dxc5 $6 d4 $16) 18... Rxc5 19. dxc5 {Strongly threatening Bd6.} Re8 20. O-O (20. Qxa7 Rxe3 21. Kf2 Rb3 $16) 20... Rxe3 21. Ba6 {Hoping for c6.} Qf6 (21... h4 $16) 22. Qxd5 {Threatens to win with Rd1.} h4 23. Bc7 Qxa6 (23... h3 $16) 24. Qxf5 $18 Re2 {[#]} 25. Bd6 $1 Qc4 (25... Qa5 $142 26. Qc8+ Kh7) 26. h3 Qd4+ 27. Kh1 Qxb2 $2 (27... Ne5 28. b3 Re3) 28. c6 Rxg2 (28... Qc2 $142 29. Qxc2 Rxc2) 29. Rb1 {Accuracy: White = 76%, Black = 36%.} 1-0